00647 2200205 4500001002100000008004100021035002000062245009100082100001900173260004400192300002800236020002200264084001600286520007100302082001000373650002200383990001200405990001200417990001200429INLIS000000000015512 ind  a0010-0223000033 a3 Hours to MasterbCara Menjadi DisiplincMichael Chuah; alih bahasa, Yulius Dewasetya aCHUAH, Michael aJakarta :bElex Media Komputindo,c2019 a173 hal.: ilus.c22 cm. a978-602-04-9907-9 a741.5 CHU t aJudul asli : 3 Hours to Master : How to Strengthen Self-Discipline a741.5 aKOMIK. PENDIDIKAN a10707 a a10707 b a10707 c